00816nam a2200181 a 450000100100000000500170001000800410002704000250006808200140009310000320010724501260013926000490026530000200031450001610033404900090049595201130050499900170061700003150120200930062956.0110627s1925 cu 000 0 spa d aDO-SdBNPbspacBNPHU axxxbV2151 aValverde, Antonio L.95788414aLos restos de Cristóbal Colón y el nicho que en la Iglesia Catedral de La Habana los guardaba /cAntonio L. Valverde. aLa Habana :bAcademia de la Historia,c1925. a56 p. ;c26 cm. aInforme presentado a la Academia de la Historia y aprobado en sesión celebrada el 22 de noviembre de 1924, sobre la supuesta sustracción de esos restos. aBNPD 0010507-18MOaPDbPDcOId2011-06-27iLF1l0oxxx V215p31501-10r2020-06-25w2020-06-25y1ZNo se presta c30993d30993